01136nas a2200253Ia 4500001001100000003000900011008004100020040001300061040001300074041001300087100004500100210002700145222002700172245015000199250001100349260003600360501008600396300001700482362004000499500026000539650003600799700001800835700002900853R065/E8159IT-RoPAU151124c99999999xx |||||||||||| ||und|| aIT-RoPAU cIT-RoPAU aITALIANO aRepetto MonicagCodice Aut. SPICS: 49276 aRAGAZZO SELVAGGIO (IL) aRagazzo Selvaggio (Il) aRAGAZZO SELVAGGIO (IL), NUOVA SERIE, ANNO 13-N.3 (MAGGIO/GIUGNO 1997)bImmagine Del Bambino Nel Cinema Contemporaneo Fra Occidente E Oriente (L') a1a ed. aBERGAMObMORETTI & VITALIc1997 bPaulus - SPICS - Società San Paolo EM (non-commercial uses only)cCopyright2015 a13 p. [9-21] aANNO 013, N.03 (MAGGIO/GIUGNO 1997) aFrantumi D'Infanzia nel Cinema dell'Ovest: Morte di Bambini, Suicidi di Bambini, Erotismi Infantili, a Misura di Bambino, Bambino Immaginario O Reale?, Bambini che Seminano Morte. Bambino della Storia: Bambini nel Cinema Nonoccidentale, Bambini nel Cinema aCINEMAvPUBBLICAZIONE PERIODICA aCauso Massimo gCodice Aut. SPICS: 22994